Deadliest Medieval Wars - Statistics

General Stats
  • This quiz has been taken 108 times
  • The average score is 4 of 10
Answer Stats
Death Toll Region War % Correct
34,641,016 Eurasia Mongol Conquests
82%
2,754,995 Western Europe Hundred Years' War
76%
1,732,051 Europe/Middle East Crusades
71%
7,000,000 Iberian Peninsula Reconquista
56%
130,000 Middle East/North Africa/Southern Europe Arab–Byzantine Wars
37%
94,868 Scotland/England Wars of Scottish Independence
30%
12,649,111 Eurasia Conquests of Timur
24%
5,000,000 North Africa Moorish Wars
11%
21,633,308 China/Vietnam An Lushan Rebellion
4%
873,000 Eastern Europe Conquests of Mehmed II 'the Conqueror'
0%
No matching quizzes found
Score Distribution
Percent of People with Each Score
Percentile by Number Answered
Your Score History
You have not taken this quiz